• 首页
  • 本馆介绍
  • 公告通知
  • 最新文献
  • 馆藏检索
  • 电子资源
  • 读者导购
  • 参考咨询
  • 我的图书馆
  • 登录
  • 详细信息显示
  • 放入我的书架
  • 预约/预借图书
  • 作者相关作品
  • 分类相关作品
  • 丛书相关作品
  • 出版社相关作品

书目信息

  • 表格格式
  • 工作单格式
  • 卡片格式
题名:
青山流水读书声
    
 
作者: 庞惊涛, 著
分册:  
出版信息: 杭州   杭州出版社  2020.09
页数: 246页
开本: 24cm
丛书名: 杭州优秀传统文化丛书
单 册:
中图分类: B222.0 , G649.299.551
科图分类:
主题词: 儒学--ru xue--研究--杭州 , 书院--shu yuan--教育史--杭州
电子资源:
ISBN: 978-7-5565-1354-3
000 01126nam 2200301 450
001 CAL 0120203107129
005 20230217093112.0
010    @a978-7-5565-1354-3@dCNY48.00
100    @a20201217d2020 em y0chiy0120 ea
101 0  @achi
102    @aCN@b330000
105    @aa a 000yy
106    @ar
200 1  @a青山流水读书声@Aqing shan liu shui du shu sheng@f庞惊涛著
210    @a杭州@c杭州出版社@d2020.09
215    @a246页@c彩图@d24cm
225 2  @a杭州优秀传统文化丛书@Ahang zhou you xiu chuan tong wen hua cong shu
314    @a庞惊涛, 四川省作家协会会员, 钱学研究者, 成都文学院签约作家等职。
320    @a有书目 (第245-246页)
330    @a本书分儒学津梁、遗民兴学、心学言传、实学普及、西学东渐。内容包括: 范仲淹的睦州岁月 ; 王安石杭州问学 ; 天光云影与方塘活水 ; 留一张自画像 ; 松雪道人的杭州朋友圈等。
410  0 @12001 @a杭州优秀传统文化丛书
606 0  @a儒学@Aru xue@x研究@y杭州
606 0  @a书院@Ashu yuan@x教育史@y杭州
690    @aB222.0@v5
690    @aG649.299.551@v5
701  0 @a庞惊涛,@Apang jing tao@f1972-@4著
801  0 @aCN@bBJXHZP@c20230228
905    @b1397610-3@dB222.0@e1048@f4
    
    青山流水读书声/庞惊涛著.-杭州:杭州出版社,2020.09
    246页:彩图;24cm.-(杭州优秀传统文化丛书)
    
    
    ISBN 978-7-5565-1354-3:CNY48.00
    本书分儒学津梁、遗民兴学、心学言传、实学普及、西学东渐。内容包括: 范仲淹的睦州岁月 ; 王安石杭州问学 ; 天光云影与方塘活水 ; 留一张自画像 ; 松雪道人的杭州朋友圈等。
●
相关链接 在E读中查询图书 在五车中查询图书 在当当中查询图书 在豆瓣中查询图书


正题名:青山流水读书声     索取号:B222.0/1048         预约/预借

序号 登录号 条形码 馆藏地/架位号 状态 备注
1 1397610   213976107   第一样本阅览室/ [索取号:B222.0/1048] 在馆    
2 1397611   213976116   第一借阅区/ [索取号:B222.0/1048] 在馆    
3 1397612   213976125   第一借阅区/ [索取号:B222.0/1048] 在馆    
4 1397613   213976134   第一借阅区/ [索取号:B222.0/1048] 在馆    
唐山师范学院图书馆 欢迎您!
大连网信软件有限公司© 版权所有